Normal view
MARC view
Entry Nome pessoal
001 - NÚMERO DE CONTROLE
- campo de controle: 370
003 - IDENTIFICADOR DO NÚMERO DE CONTROLE
- campo de controle: Br
005 - DATA E HORÁRIO DA ÚLTIMA TRANSAÇÃO
- campo de controle: 20250203084540.0
008 - CAMPO DE DADOS FIXOS
- campo de controle de tamanho fixo: 980107n| acnnnaab| aaaa |d
035 ## - NÚMERO DE CONTROLE DO SISTEMA
- Número de Controle do Sistema: 98010718112233E17
040 ## - FONTE DA CATALOGAÇÃO
- Instituição da catalogação original: Br
- Instituição que transcreveu o registro: Br
100 1# - CABEÇALHO--NOME PESSOAL
- Nome pessoal: Dickens, Charles,
- Datas associadas ao nome: 1812-1870
400 1# - REMISSIVA VER--NOME PESSOAL
- Nome pessoal: Dickens, Charles John Huffam
- Datas associadas ao nome: 1812-1870
400 0# - REMISSIVA VER--NOME PESSOAL
- Nome pessoal: Boz
- Datas associadas ao nome: 1812-1870
670 ## - FONTE POSITIVA DOS DADOS
- Citação da fonte positiva dos dados: Autor de: Grandes esperanças. [1982?]
670 ## - FONTE POSITIVA DOS DADOS
- Citação da fonte positiva dos dados: http://authorities.loc.gov 20/9/2018
- Dados encontrados na fonte localizada no subcampo: (D., rems.)
670 ## - FONTE POSITIVA DOS DADOS
- Citação da fonte positiva dos dados: http://pt.wikipedia.org/wiki/Charles_Dickens
- Dados encontrados na fonte localizada no subcampo: (Charles John Huffam Dickens, romancista inglês, nasceu Landport, Reino Unido, no dia 7 de fevereiro de 1812 e faleceu no dia 9 de junho de 1870. Também adotou o pseudônimo de Boz no início da sua atividade literária)
670 ## - FONTE POSITIVA DOS DADOS
- Citação da fonte positiva dos dados: http://viaf.org/processed/JPG%7C500106117
- Dados encontrados na fonte localizada no subcampo: (Charles Dickens - novelista inglês; D., rem.)